Las balas del invasor : (Record no. 136901)

MARC details
000 -LEADER
fixed length control field nam a22 7a 4500
005 - DATE AND TIME OF LATEST TRANSACTION
control field 20170925122653.0
008 - FIXED-LENGTH DATA ELEMENTS--GENERAL INFORMATION
fixed length control field 170925b mx||||| |||| 00| 0 spa d
020 ## - INTERNATIONAL STANDARD BOOK NUMBER
International Standard Book Number 9789688427354
050 04 - LIBRARY OF CONGRESS CALL NUMBER
Classification number E404
Item number V55 2009
100 1# - MAIN ENTRY--PERSONAL NAME
Personal name Villalpando César, José Manuel
245 14 - TITLE STATEMENT
Title Las balas del invasor :
Remainder of title La expansión territorial de los Estados Unidos a costa de México
Statement of responsibility, etc /José Manuel Villalpando César
250 ## - EDITION STATEMENT
Edition statement 1a.
260 ## - PUBLICATION, DISTRIBUTION, ETC. (IMPRINT)
Place of publication, distribution, etc México :
Name of publisher, distributor, etc Miguel Ángel Porrúa,
Date of publication, distribution, etc 2009
300 ## - PHYSICAL DESCRIPTION
Extent 190 p :
Other physical details il ;
Dimensions 21 cm.
490 #3 - SERIES STATEMENT
Series statement La historia
504 ## - BIBLIOGRAPHY, ETC. NOTE
Bibliography, etc Incluye bibliografía e índice
651 ## - SUBJECT ADDED ENTRY--GEOGRAPHIC NAME
Geographic name México
General subdivision Historia
-- Invasión Norteamericana, 1846 - 1848
942 ## - ADDED ENTRY ELEMENTS (KOHA)
Source of classification or shelving scheme Biblioteca del Cogreso de los Estados Unidos
Koha item type Libro
Holdings
Estado de pérdida Fuente de clasificación Estado del daño No para préstamo Ubicación permanente Ubicación actual Apartado o colección Fecha de adquisición Fuente de adquisición Edición Área del conocimiento Clasificación Código de Barras Date last seen Número de copia Tipo de recurso
  Biblioteca del Cogreso de los Estados Unidos     Biblioteca de la Unidad de Ciencias Ingeniería y Humanidades Biblioteca de la Unidad de Ciencias Ingeniería y Humanidades Colección "Miguel Ángel Porrúa" 25/09/2017 Donación 1a. Educación y Humanidades E404 V55 r2009 BCU000001229 25/09/2017 C : 1 Libro